| 000 | 00716nam a2200217Ia 4500 | ||
|---|---|---|---|
| 003 | GCL | ||
| 008 | 140319s9999 xx 000 0 ara d | ||
| 020 | _a4210405977 | ||
| 040 |
_aGCL / _cGCL |
||
| 082 | 0 | 4 |
_a611.81 _bع م |
| 100 | 1 | _aعبدالحليم رضا عبدالعال | |
| 245 | 1 | 0 |
_aالمخ الانسانى : _bومستقبل الجنس البشرى / _cعبدالحليم رضا عبدالعال |
| 260 |
_aالقاهرة : _bمكتبة الانجلوالمصرية ، _c2004 |
||
| 300 |
_a236 ص ؛ _c30 سم |
||
| 650 | 0 | 4 | _aعلم النفس |
| 650 | 0 | 4 | _aالذكاء |
| 650 | 0 | 4 | _aالجهاز العصبى |
| 650 | 0 | 4 | _aالمخ |
| 650 | 0 | 4 | _aالعقل والجسم |
| 942 |
_2ddc _cBK |
||
| 999 |
_c33689 _d33689 |
||